书目信息 |
| 题名: |
中国近代建筑研究与保护(二)
|
|
| 作者: | 张复合 主编 | |
| 分册: | 2 | |
| 出版信息: | 北京 清华大学出版社 2001.07 |
|
| 页数: | 586页 | |
| 开本: | 16cm | |
| 丛书名: | ||
| 单 册: | ||
| 中图分类: | TU-092 | |
| 科图分类: | ||
| 主题词: | 建筑史 | |
| 电子资源: | ||
| ISBN: | 7-302-04541-0 | |
| 000 | 00593nam0 2200193 45 | |
| 001 | 0235928778 | |
| 005 | 2002061009584841 | |
| 010 | @a7-302-04541-0@b压膜@dRMB 58.00 | |
| 100 | @a20020610d2001 km y0chiy0120 ea | |
| 101 | 0 | @achi |
| 102 | @aCN@b110000 | |
| 200 | 1 | @a中国近代建筑研究与保护(二)@Azhong guo jin dai jian zhu yan jiu yu bao hu(er)@f张复合主编@Fzhang fu he zhu bian@h2 |
| 210 | @a北京@c清华大学出版社@d2001.07 | |
| 215 | @a586页@d16cm | |
| 606 | 0 | @a建筑史 |
| 690 | @aTU-092@v3 | |
| 701 | 0 | @a张复合@Azhang fu he@4主编 |
| 801 | 0 | @aCN@bPFT@c20020610 |
| 905 | @a安徽大学@dTU-092@eZ100 | |
| 中国近代建筑研究与保护(二)/张复合主编.2.-北京:清华大学出版社,2001.07 |
| 586页;16cm |
| ISBN 7-302-04541-0(压膜):RMB 58.00 |
| ● |
| 相关链接 |
|
|
|
正题名:中国近代建筑研究与保护(二)
索取号:TU-092/Z100
 
预约/预借
| 序号 | 登录号 | 条形码 | 馆藏地/架位号 | 状态 | 备注 |
| 1 | 359503 | 203595038 | 建筑库101/101建筑库 6排1列3层/ [索取号:TU-092/Z100] | 在馆 | |
| 2 | 359504 | 203595047 | 建筑库101/101建筑库 6排1列3层/ [索取号:TU-092/Z100] | 在馆 | |
| 3 | 359505 | 203595056 | 建筑库101/101建筑库 7排4列4层/ [索取号:TU-092/Z100] | 在馆 |